00751nai a2200193Ia 4500003000900000008004100009022002200050022002300072040001600095245005600111260008600167310001400253362003200267521006900299650004700368650003000415650001900445856009300464IN-BaIIA211028c9999 xx s 000 0 eng d a0097-1049 (Print) a2168-0795 (Online) cIIA Library 0aIRE Transactions on Medical Electronicsh[eJournal] aNew York, USAbThe Institute of Electrical and Electronics Engineers, Inc. (IEEE) aQuarterly aPGME-2;1955 - ME-7(4); 1960 bSubscribed through National Knowledge Resource Consortium (NKRC) a Components, Circuits, Devices and Systems a Computing and Processing aBioengineering uhttps://ieeexplore.ieee.org/servlet/opac?punumber=5007879yClick Here to Access eJournal